NBA Finals Losers - Statistics

General Stats
  • This quiz has been taken 32 times
  • The average score is 23 of 72
Answer Stats
Year Wins Losers Champs % Correct
2017-2018 4-0 Cleveland Cavaliers Golden State Warriors
96%
2016-2017 4-1 Cleveland Cavaliers Golden State Warriors
96%
2014-2015 4-2 Cleveland Cavaliers Golden State Warriors
96%
2015-2016 4-3 Golden State Warriors Cleveland Cavaliers
96%
2013-2014 4-1 Miami Heat San Antonio Spurs
92%
2012-2013 4-3 San Antonio Spurs Miami Heat
92%
2010-2011 4-2 Miami Heat Dallas Mavericks
88%
2009-2010 4-3 Boston Celtics Los Angeles Lakers
76%
2007-2008 4-2 Los Angeles Lakers Boston Celtics
76%
2011-2012 4-1 Oklahoma City Thunder Miami Heat
68%
2005-2006 4-2 Dallas Mavericks Miami Heat
56%
2004-2005 4-3 Detroit Pistons San Antonio Spurs
56%
2008-2009 4-1 Orlando Magic Los Angeles Lakers
56%
1997-1998 4-2 Utah Jazz Chicago Bulls
56%
2006-2007 4-0 Cleveland Cavaliers San Antonio Spurs
48%
1999-2000 4-2 Indiana Pacers Los Angeles Lakers
48%
2003-2004 4-1 Los Angeles Lakers Detroit Pistons
48%
1996-1997 4-2 Utah Jazz Chicago Bulls
48%
1984-1985 4-2 Boston Celtics Los Angeles Lakers
44%
1994-1995 4-0 Orlando Magic Houston Rockets
44%
1991-1992 4-2 Portland Trail Blazers Chicago Bulls
44%
1986-1987 4-2 Boston Celtics Los Angeles Lakers
40%
1990-1991 4-1 Los Angeles Lakers Chicago Bulls
40%
1988-1989 4-0 Los Angeles Lakers Detroit Pistons
40%
1983-1984 4-3 Los Angeles Lakers Boston Celtics
40%
1998-1999 4-1 New York Knicks San Antonio Spurs
40%
1993-1994 4-3 New York Knicks Houston Rockets
40%
2000-2001 4-1 Philadelphia 76ers Los Angeles Lakers
40%
1992-1993 4-2 Phoenix Suns Chicago Bulls
40%
1987-1988 4-3 Detroit Pistons Los Angeles Lakers
36%
1985-1986 4-2 Houston Rockets Boston Celtics
36%
1982-1983 4-0 Los Angeles Lakers Philadelphia 76ers
36%
1989-1990 4-1 Portland Trail Blazers Detroit Pistons
36%
1995-1996 4-2 Seattle SuperSonics Chicago Bulls
36%
2002-2003 4-2 New Jersey Nets San Antonio Spurs
32%
2001-2002 4-0 New Jersey Nets Los Angeles Lakers
32%
1981-1982 4-2 Philadelphia 76ers Los Angeles Lakers
32%
1980-1981 4-2 Houston Rockets Boston Celtics
28%
1979-1980 4-2 Philadelphia 76ers Los Angeles Lakers
24%
1972-1973 4-1 Los Angeles Lakers New York Knicks
16%
1961-1962 4-3 Los Angeles Lakers Boston Celtics
16%
1976-1977 4-2 Philadelphia 76ers Portland Trail Blazers
16%
1977-1978 4-3 Seattle SuperSonics Washington Bullets
16%
1957-1958 4-2 Boston Celtics St. Louis Hawks
12%
1969-1970 4-3 Los Angeles Lakers New York Knicks
12%
1968-1969 4-3 Los Angeles Lakers Boston Celtics
12%
1967-1968 4-2 Los Angeles Lakers Boston Celtics
12%
1965-1966 4-3 Los Angeles Lakers Boston Celtics
12%
1964-1965 4-1 Los Angeles Lakers Boston Celtics
12%
1962-1963 4-2 Los Angeles Lakers Boston Celtics
12%
1973-1974 4-3 Milwaukee Bucks Boston Celtics
12%
1971-1972 4-1 New York Knicks Los Angeles Lakers
12%
1975-1976 4-2 Phoenix Suns Boston Celtics
12%
1978-1979 4-1 Washington Bullets Seattle SuperSonics
12%
1970-1971 4-0 Baltimore Bullets Milwaukee Bucks
8%
1974-1975 4-0 Washington Bullets Golden State Warriors
8%
1946-1947 4-1 Chicago Stags Philadelphia Warriors
4%
1955-1956 4-1 Fort Wayne Pistons Philadelphia Warriors
4%
1954-1955 4-3 Fort Wayne Pistons Syracuse Nationals
4%
1958-1959 4-0 Minneapolis Lakers Boston Celtics
4%
1952-1953 4-1 New York Knicks Minneapolis Lakers
4%
1951-1952 4-3 New York Knicks Minneapolis Lakers
4%
1950-1951 4-3 New York Knicks Rochester Royals
4%
1947-1948 4-2 Philadelphia Warriors Baltimore Bullets
4%
1966-1967 4-2 San Francisco Warriors Philadelphia 76ers
4%
1963-1964 4-1 San Francisco Warriors Boston Celtics
4%
1960-1961 4-1 St. Louis Hawks Boston Celtics
4%
1959-1960 4-3 St. Louis Hawks Boston Celtics
4%
1956-1957 4-3 St. Louis Hawks Boston Celtics
4%
1953-1954 4-3 Syracuse Nationals Minneapolis Lakers
4%
1949-1950 4-2 Syracuse Nationals Minneapolis Lakers
4%
1948-1949 4-2 Washington Capitols Minneapolis Lakers
4%
No matching quizzes found
Score Distribution
Percent of People with Each Score
Percentile by Number Answered
Your Score History
You have not taken this quiz